00498nam a2200157 a 4500008004100000020002300041100002300064245009000087260003700177300002900214440003100243650003900274003000100313005001700314040000900331  a185715195X (cased)1 aTrollope, Anthony.10aCan you forgive her? /cAnthony Trollope ; with an introduction by A. O. J. Cockshut. aLondon :bDavid Campbell,c1994. axxxiii, 447 p. ;c22 cm. aEveryman's Library ;v195. 1aEnglish Literature d19th century.20230123133641.0 cNUST